[Event "FRA-chT Top 12 2019"]
[Site "Brest"]
[Date "2019.05.28"]
[Round "11.4"]
[White "Efimov, Igor"]
[Black "Lamard, Guillaume"]
[Result "1/2-1/2"]
[WhiteElo "2439"]
[BlackElo "2405"]
[Annotator "TA"]
[PlyCount "110"]
[EventDate "2019.05.18"]
[EventType "team-tourn"]
[EventCountry "FRA"]
[SourceTitle "playchess.com"]
[Source "ChessBase"]
[SourceQuality "1"]

{[%evp 9,110,0,0,-12,0,-15,0,0,-3,-8,40,43,44,45,45,39,52,52,60,54,79,65,69,72,67,62,79,78,95,78,78,75,81,67,94,79,87,80,121,122,136,153,152,146,163,38,56,20,25,-91,-92,-87,-91,-92,-92,-93,-85,-471,-463,-477,-470,-494,-376,-389,-311,-311,-308,-308,-308,-287,-227,-239,-97,-97,-97,-97,-97,-97,-97,-97,-8,-140,-142,-400,-30,-393,-393,-393,-393,-393,-393,-393,-393,-393,-393,-387,-380,-290,0,-8,-8,-8,-8]} 1. d4 Nf6 2. Bg5 c5 3. Nc3 cxd4 4. Qxd4 Qa5 (4... Nc6 5. Qh4 b5 6. e4 b4 7. Nd5 Qa5 8. Bc4 Nxd5 9. exd5 Ne5 10. Bb3 Ng6 11. Qg3 Bb7 12. O-O-O Rc8 13. Nf3 {1-0 (47) Moiseenko,A (2648)-Smirin,I (2594) Bastia 2018}) 5. Bd2 $146 ({Predecessor:} 5. Nf3 Nc6 6. Qh4 d6 7. O-O-O Be6 8. Kb1 Rc8 9. e3 a6 10. a3 b5 11. Nd4 Nxd4 12. exd4 Rxc3 13. Bxf6 Rxa3 14. bxa3 gxf6 {0-1 (25) Papp,B (2155)-Csvila,G (2212) Hungary 2016}) 5... Nc6 6. Qh4 $1 {A45: Trompowsky Attack} d5 7. e4 d4 8. Nd5 $1 Qd8 9. Bc4 e6 (9... Be6 {is more complex.} 10. Nxf6+ exf6 11. Bxe6 fxe6 12. Qh5+ g6) 10. Nxf6+ Qxf6 11. Qxf6 gxf6 12. f4 Rg8 13. g3 Bc5 14. a3 a5 15. Nf3 Ke7 16. O-O-O b6 17. Be1 Bb7 18. Bf2 Rad8 19. Rhe1 Rd6 20. Rd2 h5 21. Red1 Rgd8 22. Be2 Ba8 23. Ne1 a4 24. Bxh5 Na5 25. e5 fxe5 26. fxe5 R6d7 27. g4 (27. Be2 $1 $18) 27... Kf8 $14 28. Bh4 Rc8 $1 29. Nd3 (29. Re2 $11) 29... Nb3+ $1 $17 30. cxb3 Be7+ 31. Kb1 Bxh4 32. bxa4 Bg5 33. Rc2 $2 {[%mdl 8192]} (33. Rf2 $17) 33... Rxc2 $19 34. Kxc2 Rc7+ 35. Kb3 Bf3 36. Rf1 Be2 37. Rxf7+ Rxf7 38. Bxf7 Kxf7 39. Kc4 Bc1 {Threatens to win with ...Bxb2.} ({Don't take} 39... Bxg4 40. b4 $17) 40. b4 Bxa3 (40... Be3 $19 {has better winning chances.} 41. h3 Bf1) 41. a5 $17 bxa5 ({Don't go for} 41... Bxg4 $2 42. axb6 Bf3 43. Kb3 $18) 42. bxa5 Bxg4 43. Kxd4 Bf3 44. a6 Kg6 ({Better is} 44... Be7 $1 $17) 45. Nc5 (45. h4 $1 $11 {remains equal.}) 45... Kf5 46. Nd7 $2 {[%mdl 8192]} (46. Na4 $17) 46... Bc1 $2 (46... Bb2+ $1 $19 47. Ke3 Bc6) 47. a7 $2 {[%mdl 8192]} (47. Nb6 $1 $11 {and White has nothing to worry.}) 47... Kf4 $1 $19 48. Kc5 Be3+ 49. Kd6 Kf5 ({Weaker is} 49... Bxa7 50. Kxe6 Bg1 51. h4 $17) 50. Nf8 Bxa7 51. Nxe6 Bb8+ 52. Nc7 {[#] intending e6.} Bd1 $1 {[%cal Rd1a4]} 53. Kc6 {[#]} Bf3+ $2 (53... Ba7 $1 $19 54. Kd6 Ba4) 54. Kd6 $11 Bh5 {aiming for ...Be8.} 55. Kc6 Bxc7 {Accuracy: White = 46%, Black = 43%.} (55... Kxe5 $5 56. Kb7 $8 Bxc7 57. Kxc7 Bg6 $11) 1/2-1/2

[Event "FRA-chT Top 12 2019"]
[Site "Brest"]
[Date "2019.05.28"]
[Round "11.4"]
[White "Payen, Arnaud"]
[Black "Eljanov, Pavel"]
[Result "0-1"]
[WhiteElo "2358"]
[BlackElo "2661"]
[Annotator "TA"]
[PlyCount "92"]
[EventDate "2019.05.18"]
[EventType "team-tourn"]
[EventCountry "FRA"]
[SourceTitle "playchess.com"]
[Source "ChessBase"]
[SourceQuality "1"]

{[%evp 29,92,0,0,-22,0,8,9,4,14,4,4,4,7,9,7,-18,-4,-62,-55,-41,-55,-50,-60,-87,-83,-95,-99,-99,-87,-97,-87,-84,-83,-87,-79,-71,-91,-157,-143,-234,-214,-218,-250,-214,-237,-215,-223,-254,-230,-424,-424,-413,-413,-573,-542,-740,-651,-5583,-5241,-5089,-5057,-4133,-2111,-1740,-1638]} 1. d4 Nf6 2. Nf3 g6 3. c4 Bg7 4. g3 c5 5. d5 d6 6. Nc3 e6 7. Bg2 exd5 8. cxd5 O-O 9. O-O Re8 10. Nd2 Nbd7 11. h3 a6 12. a4 Rb8 13. Nc4 Ne5 14. Na3 Nh5 15. e4 Bd7 16. a5 {A64: Modern Benoni: Fianchetto Variation: 9...Nbd7 10 Nd2 a6 11 a4 Re8} (16. g4 Nf6 17. g5 Nh5 18. f4 b5 19. fxe5 b4 20. Nc4 bxc3 21. bxc3 Bxe5 22. Qf3 f5 23. gxf6 Qxf6 24. Nxe5 Qxe5 {0-1 (60) So,W (2812)-Nakamura,H (2785) Stavanger 2017}) 16... b5 {aiming for ...b4.} 17. axb6 $1 Bb5 18. Naxb5 {The position is equal.} axb5 19. Nxb5 {Black should prevent Ra6.} Qxb6 20. Na3 Qb3 21. g4 Nf6 22. g5 Nh5 $1 23. Kh2 $146 ({White should try} 23. h4 $11) ({Predecessor:} 23. Rb1 Qxd1 24. Rxd1 {0-1 (52) Praveen Kumar,C (2343)-Szabo,G (2553) Parramatta 2012}) 23... Nd3 $15 {Strongly threatening ...Qxd1.} 24. Qxb3 Rxb3 25. Nc4 Rb4 26. Na5 Ra8 (26... Bxb2 $6 27. Bxb2 Rxb2 28. Nc4 $11) 27. Bd2 Bxb2 28. Bxb4 {And now Bd2 would win.} Bxa1 ({Of course not} 28... cxb4 $6 29. Rad1 $11) 29. Bd2 {[#]} Bd4 $1 30. Bf3 Nxf2 31. Kg2 Nd3 32. Bxh5 gxh5 33. Rb1 ({White should play} 33. Rf3 Ne5 34. Ra3) 33... Ne5 $17 34. Kg3 {[#]} (34. Rb5 $17 {is a better defense.}) 34... h4+ $1 $19 {[%mdl 512]} 35. Kf4 (35. Kxh4 Nf3+) 35... c4 {White must now prevent ...c3.} 36. Nc6 {[#]} Nxc6 $1 37. dxc6 {[%mdl 4096] Endgame KRB-KRB} Rc8 38. Rc1 Rxc6 39. Bc3 $2 (39. Kf3) 39... Bxc3 40. Rxc3 {KR-KR} Kg7 41. Kg4 f6 {Black is clearly winning.} 42. Kxh4 Kg6 43. gxf6 Kxf6 44. Kg4 Ke5 45. Kf3 Kd4 46. Rc1 c3 {Accuracy: White = 40%, Black = 95%.} 0-1

[Event "FRA-chT Top 12 2019"]
[Site "Brest"]
[Date "2019.05.28"]
[Round "11.5"]
[White "Rambaldi, Francesco"]
[Black "Charmeteau, Sven"]
[Result "1-0"]
[WhiteElo "2558"]
[BlackElo "2292"]
[Annotator "TA"]
[PlyCount "163"]
[EventDate "2019.05.18"]
[EventType "team-tourn"]
[EventCountry "FRA"]
[SourceTitle "playchess.com"]
[Source "ChessBase"]
[SourceQuality "1"]

{[%evp 14,175,21,35,44,43,40,31,65,33,34,23,26,24,63,15,16,14,15,9,18,15,20,17,10,0,7,6,12,0,4,0,0,0,1,0,82,78,82,82,82,82,82,82,82,82,89,79,86,86,86,86,112,106,112,110,143,82,86,82,81,61,61,61,61,50,64,64,77,68,100,100,100,100,100,100,100,100,100,0,100,100,115,100,108,108,108,100,123,0,100,100,108,89,108,108,137,108,108,108,108,108,108,108,108,108,108,108,108,99,97,100,165,165,165,165,165,165,165,165,165,165,165,165,303,303,303,303,303,282,303,272,1683,1661,1513,1637,1527,1470,1305,150,1638,1547,1076,650,1203,1060,1556,1483,1235,1010,4590,2574,1483,1209,29975,5554,5488,5466,5382,79,5172,4887,4023,559]} 1. Nf3 Nf6 2. b3 g6 3. Bb2 Bg7 4. g3 O-O 5. Bg2 c5 6. c4 Nc6 7. O-O d6 8. d4 d5 {E60: King's Indian: Unusual lines and Fianchetto Variation without Nc3} (8... cxd4 9. Nxd4 Bd7 10. Nc3 Qa5 11. e3 Rfc8 12. Nde2 Qh5 13. Nf4 Qxd1 14. Rfxd1 Rab8 15. h3 h5 16. Rab1 Be8 17. Nfd5 Nxd5 18. Nxd5 Bxb2 19. Rxb2 Kf8 {½-½ (19) Turov,M (2585)-Guseinov,G (2664) Tallinn 2019}) 9. dxc5 dxc4 10. Nbd2 Qa5 {White is slightly better.} 11. Nxc4 Qxc5 12. Nce5 Nxe5 $146 ({Predecessor:} 12... Rd8 13. Qc1 Qxc1 14. Raxc1 Nxe5 15. Bxe5 Ne8 16. Rfd1 Bg4 17. Bxg7 Kxg7 {½-½ (50) Gomes,M (2387)-Safranska,A (2328) Astana 2013}) 13. Nxe5 Ng4 14. Bd4 Qb4 15. a3 Qd6 16. Nf3 Ne5 17. Nxe5 Bxe5 18. Bxe5 Qxe5 19. Qd2 a5 20. b4 Ra6 21. bxa5 Qxa5 22. Qxa5 Rxa5 23. Rfc1 Bg4 24. Rc7 Rfa8 (24... e5 $11) 25. Rxe7 Rxa3 26. Rxa3 Rxa3 $16 {[%mdl 4096] Endgame KRB-KRB} 27. f3 Be6 28. Rxb7 Ra2 29. Kf2 Bc4 30. Bf1 h5 31. Rb4 Bd3 32. Ke3 Ba6 33. Rb8+ Kg7 34. Ra8 Bc4 35. Rc8 (35. Rxa2 $142 Bxa2 36. Kd3) 35... Bb5 36. Rc5 Ba6 37. f4 h4 38. Re5 hxg3 39. hxg3 Ra3+ 40. Kf2 $1 Kf6 41. Bg2 Bc4 42. Bf3 Ra2 43. Rc5 Be6 44. g4 Ra3 45. Kg3 Ba2 46. Kf2 (46. g5+ $16 Ke7 47. Kf2) 46... Ra4 (46... Be6 $11) 47. e3 Bb1 48. Bd5 {Hoping for Rc7.} Be4 49. Bc4 {And now Rc7 would win.} Ra7 50. Kg3 Re7 51. Kf2 ({Better is} 51. g5+ $16 Kg7 52. Kf2) 51... Kg7 (51... Ra7 $1 $11) 52. Ke2 Bg2 53. Kd2 Bf3 54. g5 Bg4 55. Rc6 Rd7+ 56. Kc3 Bf3 57. Rc5 Re7 58. Kd4 Re4+ 59. Kd3 {Threatens to win with Bd5.} Re7 60. Ra5 Bg2 61. Kd4 Re4+ 62. Kc5 $1 {Strongly threatening Bd5.} Bh3 (62... Rxe3 $16 {was necessary.} 63. Ra7 Kh8 64. Rxf7 Ra3) 63. Ra3 $1 $18 Be6 64. Bb5 Bh3 65. Bc6 Re7 66. Rc3 Ra7 67. Kd6 Be6 68. e4 Ra1 (68... Ra6 $142 69. Ke5 Bg4) 69. Bd5 Ra6+ 70. Ke5 $1 Kg8 71. Rc7 Kg7 72. Rb7 Kg8 $2 (72... Kf8 73. Rb8+ Ke7) 73. Rb8+ Kg7 74. Re8 Ra5 75. Kd6 Ra6+ 76. Kc7 $2 (76. Kc5 $1 $18 {[%cal Rc5d4] is the precise move to win.} Ra5+ 77. Kc6) 76... Ra7+ $2 (76... Bh3 $16 77. Re7 Ra7+ 78. Kd8 Rxe7 79. Kxe7 Bg2) 77. Kb6 Ra4 78. Kc5 ({Weaker is} 78. Bxe6 Rxe4 79. Bd7 Rxf4 $16) 78... Ra5+ 79. Kc6 $1 Ra6+ 80. Kb7 $1 {[%cal Rb7a6]} Ra4 {[#]} 81. Kb6 $1 {[%cal Rb6b7]} ({Not} 81. Bxe6 Rxe4 82. Bd7 Rxf4 $16) 81... Rb4+ 82. Kc6 {Played: Kb6-c5} 1-0

[Event "FRA-chT Top 12 2019"]
[Site "Brest"]
[Date "2019.05.28"]
[Round "11.5"]
[White "Istratescu, Andrei"]
[Black "Edouard, Romain"]
[Result "1/2-1/2"]
[WhiteElo "2555"]
[BlackElo "2642"]
[Annotator "TA"]
[PlyCount "18"]
[EventDate "2019.05.18"]
[EventType "team-tourn"]
[EventCountry "FRA"]
[SourceTitle "playchess.com"]
[Source "ChessBase"]
[SourceQuality "1"]

{[%evp 17,18,0,20]} 1. e4 c5 2. Nf3 d6 3. d4 cxd4 4. Nxd4 Nf6 5. Nc3 a6 6. Be3 Ng4 $146 ({Predecessor:} 6... e5 7. Nf3 Be7 8. Bc4 O-O 9. O-O Be6 10. Bb3 b5 11. Bg5 Nbd7 12. Re1 Rc8 13. a3 h6 14. Bxf6 Nxf6 15. Nd2 Bg4 16. f3 Qb6+ 17. Kh1 Be6 18. Nf1 {0-1 (44) Carlsen,M (2861)-Vachier Lagrave,M (2780) Abidjan 2019}) 7. Bc1 Nf6 8. Be3 Ng4 9. Bc1 Nf6 1/2-1/2

[Event "FRA-chT Top 12 2019"]
[Site "Brest"]
[Date "2019.05.28"]
[Round "11.5"]
[White "Cornette, Matthieu"]
[Black "Brunner, Nicolas"]
[Result "1-0"]
[WhiteElo "2553"]
[BlackElo "2422"]
[Annotator "TA"]
[PlyCount "103"]
[EventDate "2019.05.18"]
[EventType "team-tourn"]
[EventCountry "FRA"]
[SourceTitle "playchess.com"]
[Source "ChessBase"]
[SourceQuality "1"]

{[%evp 14,103,32,26,34,34,33,35,47,42,41,41,45,43,51,28,39,27,33,13,30,37,34,12,10,14,47,45,102,0,0,0,0,-22,-8,-11,-11,-6,-5,0,18,7,22,0,0,0,0,-11,0,0,1,0,19,7,39,0,0,0,51,0,47,0,0,0,0,0,336,326,272,132,188,0,229,198,210,198,200,205,232,228,303,268,254,238,496,305,29981,29982,29982,29983,29984,29985]} 1. e4 c5 2. Nc3 Nc6 3. Nf3 e5 4. Bc4 Be7 5. d3 Nf6 6. Nd2 O-O 7. Nf1 d6 8. Ne3 a6 {B30: Sicilian: 2...Nc6 3 Bb5, lines without ...g6} (8... Nd7 9. a3 Nb6 10. Ba2 Bg5 11. O-O Be6 12. g3 Bxe3 13. Bxe3 Bxa2 14. Rxa2 Qd7 15. b4 cxb4 16. axb4 Nxb4 {½-½ (44) Negi,P (2670)-Moiseenko,A (2676) Khanty-Mansiysk 2017}) 9. a4 Nb4 10. O-O Be6 {White is slightly better.} 11. Re1 Re8 12. Bd2 Bf8 13. a5 g6 $146 ({Predecessor:} 13... Qc7 14. Qf3 Rad8 15. h3 Be7 16. b3 Rf8 {1-0 (80) Belikov,V (2519)-Bogner,S (2361) Alushta 2005}) 14. Bxe6 fxe6 15. Nc4 Qc7 16. Ne2 d5 17. Nb6 {Strongly threatening Bg5.} Rad8 $1 18. Ng3 Nc6 19. Bg5 Bg7 20. Qd2 Rd6 (20... Rf8 $14) 21. Qc3 (21. Bxf6 $16 {Threatens to win with exd5.} Bxf6 22. exd5 exd5 23. c4) 21... Nd4 $11 22. Bxf6 Bxf6 23. b4 Rc6 {[#] ...cxb4 is the strong threat.} (23... Rf8 {with more complications.} 24. exd5 exd5 25. Rab1 Rdd8 26. bxc5 Be7) 24. exd5 cxb4 25. Qd2 $1 Rxc2 26. Qxb4 exd5 27. Nxd5 {[%mdl 64] [#] Double Attack} Qf7 28. Nxf6+ Qxf6 29. Ne4 Qe7 30. Qa4 Rec8 31. Rab1 Kh8 32. Kh1 Nb5 33. h3 R8c7 34. Qb3 (34. f4 $5) 34... Nd4 35. Qa4 Nb5 36. Kh2 (36. f4 $14) 36... R7c6 37. Re3 (37. f4 $5) 37... Nd4 38. Rb4 Qc7 39. Re1 Rc1 $2 {[%mdl 8192]} (39... Qe7 $11 {and Black is okay.}) 40. Rxc1 $18 Rxc1 41. Qe8+ Kg7 42. Rxb7 $2 ({Better is} 42. h4 $18) 42... Nf3+ $2 (42... Qxb7 $11 {and Black stays safe.} 43. Qxe5+ {[%mdl 64] Double Attack} Kg8 44. Qxd4 Qc7+ 45. g3 Qxa5) 43. gxf3 Qxb7 44. Qxe5+ {[%mdl 4096] Endgame KQR-KQN} Kg8 45. Kg2 Qc7 46. Qe6+ Kg7 47. Qxa6 Qe5 48. Qa7+ Kh8 $2 (48... Rc7 {keeps fighting.} 49. Qb6 Rf7) 49. Qd7 Qa1 $2 (49... Rc7 $18 50. Qd8+ Kg7) 50. Qe8+ {White mates.} Kg7 51. Qe7+ Kh6 52. Qf8+ {Accuracy: White = 60%, Black = 39%.} 1-0

[Event "FRA-chT Top 12 2019"]
[Site "Brest"]
[Date "2019.05.28"]
[Round "11.5"]
[White "Apicella, Manuel"]
[Black "Terrieux, Kevin"]
[Result "1/2-1/2"]
[WhiteElo "2502"]
[BlackElo "2455"]
[Annotator "TA"]
[PlyCount "112"]
[EventDate "2019.05.18"]
[EventType "team-tourn"]
[EventCountry "FRA"]
[SourceTitle "playchess.com"]
[Source "ChessBase"]
[SourceQuality "1"]

{[%evp 11,112,25,27,22,25,0,12,5,8,0,12,8,5,1,12,12,8,-22,-22,-5,-8,-12,-8,-21,-10,-25,-22,-22,-33,-54,-41,-66,-22,-52,-35,-30,-10,-15,-12,-11,-26,-16,-15,-15,59,47,49,0,0,0,0,-29,-13,-16,-11,-30,-20,-41,-37,-158,-49,-52,-49,-53,-29,-31,-38,-302,-301,-308,-303,-292,-86,-171,-157,-145,-114,-202,-233,-250,-209,-214,0,-229,0,-218,-214,-182,-192,-663,0,-653,-597,-527,0,0,0,0,0,0,0,0,0]} 1. e4 c5 2. Nf3 Nc6 3. Bb5 Qb6 4. Nc3 e6 5. O-O Nge7 6. Re1 a6 7. Bf1 {B30: Sicilian: 2...Nc6 3 Bb5, lines without ...g6} (7. Ba4 Qc7 8. d3 b5 9. Bb3 Nd4 10. Nxd4 cxd4 11. Nb1 Bb7 12. Nd2 Nc6 13. a3 Be7 14. Qg4 g6 {0-1 (38) Gopal,G (2565)-Alvarado Diaz,A (2421) Benasque 2016}) 7... Ng6 8. b3 Be7 9. Bb2 O-O 10. Na4 Qc7 11. c4 $1 e5 12. Nc3 d6 13. Nd5 Qd8 14. h3 $146 ({Predecessor:} 14. Ne3 Be6 {0-1 (32) Chaithanyaa,K (1862)-Bitoon,R (2458) Chennai 2010}) 14... f5 15. exf5 Bxf5 16. b4 b6 17. d3 Bf6 18. g3 (18. bxc5 {with more complications.} bxc5 19. Nd2 Rb8 20. Bc3 Bg5 21. Ne4) 18... Nxb4 19. Nxb4 cxb4 20. Bg2 Ra7 21. Kh2 Kh8 22. a3 bxa3 23. Rxa3 Bc8 24. Nd2 Bg5 25. Ne4 Raf7 26. d4 Be7 $1 27. d5 Re8 (27... Bf5 $11) 28. Bc1 $14 Nf8 29. Rf3 Rxf3 30. Qxf3 Nd7 31. Qh5 g6 32. Qh6 Bf8 33. Qe3 Nc5 34. Ng5 {Strongly threatening Nf7+.} Kg8 35. g4 ({White should try} 35. Qe2 $15) 35... Bg7 (35... Bh6 $17 36. f4 Bd7) 36. Ne4 $15 Rf8 $36 {[%mdl 2048] Black fights for an advantage.} 37. Qe2 Nxe4 38. Bxe4 Qh4 39. Be3 $2 {[%mdl 8192]} (39. Kg2 $15) 39... h5 $19 {[%cal Rc8g4]} 40. f3 hxg4 41. fxg4 {[#]} Bh6 $2 (41... Bxg4 $1 $19 {[%mdl 512] and Black stays clearly on top.} 42. Qxg4 Qxe1 43. Qe6+ Kh8 44. Qxg6 Qh4 45. Bxb6 a5 $1 {[%mdl 512]} 46. Bxa5 Qf4+ 47. Kh1 Qf1+ 48. Kh2 Rf2+ 49. Bg2 Qxc4) 42. Rg1 (42. Kg2 $17) 42... Bf4+ 43. Bxf4 Rxf4 44. Rg2 (44. Rg3 $17) 44... Kg7 45. Bf3 Qf6 46. Be4 Qh4 47. Bf3 $1 Qf6 48. Be4 $1 Rf1 {Threatens to win with ...Qf4+.} 49. Bf5 {[#]} Rc1 $1 ({Stronger than} 49... Rxf5 50. gxf5 Bxf5 51. Qf2 $11) 50. Bxc8 $2 (50. Qe3 Rxc4 51. Bxc8 Rxc8 52. Rf2) 50... Qf4+ {[%mdl 64] Double Attack} 51. Rg3 {[#]} Rc3 $1 {[%mdl 512]} 52. Qg2 {With the idea h4.} Rc1 $2 (52... Rd3 $19 53. Qg1 Rd2+ 54. Kh1 Rf2) 53. Qf3 $11 {The position is equal.} ({Don't blunder} 53. Bxa6 $2 Rf1 $19) 53... Rc2+ (53... Rxc4 $6 54. Bxa6 Rc2+ 55. Kg1 $16) 54. Kh1 $1 {Black must now prevent Qxf4.} Rc1+ 55. Kh2 {Hoping for Qxf4.} Rc2+ ({Reject} 55... Rxc4 $6 56. Bxa6 Rc2+ 57. Kg1 $16) 56. Kh1 $1 {And now Qxf4 would win.} Rc1+ {Accuracy: White = 41%, Black = 50%.} 1/2-1/2

[Event "FRA-chT Top 12 2019"]
[Site "Brest"]
[Date "2019.05.28"]
[Round "11.5"]
[White "Delorme, Axel"]
[Black "Geenen, Marc"]
[Result "1-0"]
[WhiteElo "2489"]
[BlackElo "2246"]
[Annotator "TA"]
[PlyCount "53"]
[EventDate "2019.05.18"]
[EventType "team-tourn"]
[EventCountry "FRA"]
[SourceTitle "playchess.com"]
[Source "ChessBase"]
[SourceQuality "1"]

{[%evp 14,53,37,34,49,53,96,120,119,138,175,184,185,195,195,179,185,172,180,183,179,170,177,198,243,237,238,235,232,224,230,193,303,286,288,290,336,315,475,368,637,628]} 1. e4 e5 2. Nf3 Nc6 3. Bb5 a6 4. Ba4 Nf6 5. O-O b5 6. Bb3 Bb7 7. d3 Bd6 8. a4 Na5 {C78: Ruy Lopez: Archangelsk and Möller Defences} (8... O-O 9. Nc3 b4 10. Ne2 h6 11. Ng3 Re8 12. a5 Bf8 13. Bd2 d5 14. c3 Rb8 15. exd5 Nxd5 16. Re1 bxc3 17. bxc3 Nf6 18. Qc2 Bc8 19. Bc4 Bd6 20. d4 Be6 21. Bxa6 {0-1 (51) Solodovnichenko,Y (2613)-Bauer,C (2679) Nancy 2012}) 9. Ba2 c5 10. Nh4 $146 ({Predecessor:} 10. Nc3 b4 11. Ne2 h6 12. Ng3 g6 13. Nd2 Qe7 14. Nc4 Nxc4 15. Bxc4 O-O-O 16. c3 {1-0 (31) Kovalev,A (2495)-Deppe,A (2120) Eupen 1996}) 10... O-O {White is better.} 11. Nf5 Bc7 12. Bg5 h6 13. Bh4 Kh8 14. Qc1 g5 {[#]} 15. Bxg5 $1 {[%mdl 512]} hxg5 16. Qxg5 {[%csl Gf5][%cal Rg5g7]} Rg8 17. Qh6+ Nh7 18. Bxf7 $40 {[%mdl 128] White is out for blood.} Qf6 19. Bxg8 Rxg8 20. Qxf6+ Nxf6 21. axb5 axb5 22. Nc3 b4 (22... Bc6 $142 23. Ne7 Rd8) 23. Nb5 $18 Bb6 24. Nbd6 Ba8 25. Rfe1 Rf8 (25... Ng4 $142 26. h3 Nf6) 26. b3 Nc6 $2 {[#]} (26... c4 27. bxc4 Nc6) 27. Ra6 {Accuracy: White = 73%, Black = 40%.} 1-0

[Event "FRA-chT Top 12 2019"]
[Site "Brest"]
[Date "2019.05.28"]
[Round "11.5"]
[White "Bressac, Stephane"]
[Black "Kosten, Anthony C."]
[Result "1-0"]
[WhiteElo "2358"]
[BlackElo "2419"]
[Annotator "TA"]
[PlyCount "83"]
[EventDate "2019.05.18"]
[EventType "team-tourn"]
[EventCountry "FRA"]
[SourceTitle "playchess.com"]
[Source "ChessBase"]
[SourceQuality "1"]

{[%evp 14,83,0,0,0,1,27,3,37,33,46,31,35,43,19,-17,0,0,0,-15,-17,-22,-35,-94,-92,-124,-92,-95,-100,-143,-91,-233,-224,-228,-210,-224,-224,-193,-188,-241,-252,-254,-131,-132,-135,-151,26,18,87,68,80,81,122,124,135,98,106,100,108,112,146,94,93,84,112,17,789,762,29969,29968,5800,5675]} 1. e4 e5 2. Nf3 Nc6 3. Nc3 Nf6 4. Bb5 Bc5 5. O-O O-O 6. Nxe5 Nxe5 7. d4 Bd6 8. f4 Nc6 {...Bb4 is the strong threat. C48: Four Knights: 4 Bb5, replies other than 4...Bb4} (8... Neg4 9. e5 Bb4 10. f5 Re8 11. Nd5 Nxe5 12. Nxb4 Nc6 13. a3 a6 14. Bd3 a5 15. Nxc6 dxc6 16. c3 {½-½ (30) Kovalev,V (2664)-Aronian,L (2780) Batumi 2018}) 9. e5 {[%mdl 64] Double Attack} Bb4 10. d5 Qe7 {The position is equal.} 11. exf6 Qc5+ 12. Kh1 {Hoping for fxg7.} Bxc3 13. bxc3 Qxb5 14. dxc6 Qxc6 $146 ({Predecessor:} 14... dxc6 15. Ba3 Re8 16. Be7 {1-0 (54) Laliena Solanes,L (2150)-Chueca Forcen,A (2305) Aragon 2015}) 15. Ba3 d6 16. Qd3 Re8 17. Qg3 {[%csl Gf6][%cal Rg3g7]} g6 18. Qg5 (18. f5 $15) 18... Kh8 $17 (18... Qxc3 $2 19. Bb4 $1 $18 {[%mdl 512]}) 19. Rf3 {next f5! is good for White.} Bf5 20. Qh6 {[%csl Gf6][%cal Rh6g7]} Rg8 21. Re1 Rae8 (21... Qa6 $142 22. Bc1 Qxa2) 22. Rfe3 (22. Re7 $17 {was called for.}) 22... Rxe3 $19 23. Rxe3 Qb6 {( -> ...Qb1+!)} 24. Bc1 {[#] White threatens Re8! and mate.} Qb1 $1 {[%mdl 576] Double Attack} 25. Re1 Qxc2 26. h3 {[#]} (26. Kg1 {might work better.}) 26... Be4 $1 {[%csl Ge4][%cal Rc2g2]} 27. Qg5 Re8 (27... Qxc3 28. Rxe4 Qxc1+ 29. Kh2 $11) ({Black should play} 27... d5 $19 28. Kg1 Qxc3) 28. Kh2 $17 d5 ({Stronger than} 28... Qxa2 29. Rxe4 $1 {[%mdl 512]} Rg8 30. Qh6 $1 {[%mdl 512]} Qa4 31. Rxa4 g5 32. fxg5 Rg6 33. Rxa7 $1 {[%mdl 512]} Rg8 34. Ra8 $1 {[%mdl 512]} Rxa8 35. Qg7#) 29. Ba3 {Strongly threatening Rxe4!} c5 $2 ({Worse is} 29... Qxa2 30. Rxe4 $1 {[%mdl 512]} Rxe4 31. Qh6 $1 {[%mdl 512]} Qxg2+ 32. Kxg2 Re2+ 33. Kf1 Rf2+ 34. Kxf2 Kg8 35. Qg7#) (29... Qf2 $17 {And now ...b6 would win.} 30. Re3 b6) 30. Bxc5 $11 {Threatens to win with Rxe4!} Qxc3 {[#]} (30... Rg8 $1 $11 {remains equal.}) 31. Qxd5 $3 $16 {[%mdl 512]} Qc2 $1 {[%csl Ge4][%cal Rc2g2] [#]} ({Much worse is} 31... Qxe1 $6 32. Qxf7 Rg8 33. Qc4 $18) (31... Bxd5 32. Rxe8#) 32. Bf2 $1 {[%mdl 576] Deflection} Qxf2 {[%csl Ge4][%cal Rf2g2]} 33. Rxe4 {[%cal Re4e8][%mdl 4096] Endgame KQR-KQR} Rf8 34. Qd6 $40 {[%cal Rd6f8][%mdl 128] White goes for the king.} Kg8 35. Rc4 Qe2 36. Rc7 Qe4 37. a3 ({Better is} 37. Re7 Qc6 38. Qxc6 bxc6 39. Rxa7) 37... h6 {[#]} 38. Re7 $1 {[%cal Re7e4]} Qc6 39. Qe5 ({White should try} 39. Qxc6 $16 bxc6 40. Rxa7) 39... Rd8 $2 {[%mdl 8192] [#]} (39... Qa4 $11) 40. Rxf7 $1 $18 {[%mdl 512] Rg7+ would kill now.} Qd6 (40... Kxf7 41. Qe7+) 41. Rg7+ Kh8 42. Rxg6 {Accuracy: White = 47%, Black = 42%.} 1-0